00489nam a2200169Ia 450000500170000000800410001702000180005808200130007610000170008924500260010626000240013230000130015650000340016994200060020395200950020999900150030420250514011841.0240331s9999 xx 000 0 und d a9789555171007 bRAJa200 aRajapakse, P 0aAgamika Thrsthavadaya bpulasthi Rajapakshe a256 p ., aA book on Religious Terrorism cL 001040708LaWERCLbWERCLcSSCd2024-03-31l0o 200 RAJp6693r2024-03-31w2024-03-31yL c5746d5746